00550nam a22001817a 450000500170000001000250001702000260004203500150006803500140008303700120009708200110010924500320012025000120015226000610016427000630022530000190028850000610030720240215123007.0 aENG-139291 EN-122823 c525.00a9788170589877 aENG-139291 aEN-122823 bSRI/PUB a582.16 aHOMAGE TO THE SERVICE TREE/ a1b2012 aINDIAbSRI AUROBINDO ASHRAM PUBLICATION DEPARTMENTc2012 bPONDICHERRYaSRI AUROBINDO ASHRAM PRESS, PONDICHERRY INDIA a73p.c23cm(pb) aPrinciples, Concepts, and Applications What, Why and How